[Event "COL-ch U14 Girls"]
[Site "Barranquilla"]
[Date "2024.04.14"]
[Round "6"]
[White "Pardo Useche, Laura Valentina"]
[Black "Luna Monsalve, Sofia"]
[Result "1/2-1/2"]
[WhiteElo "1667"]
[BlackElo "1780"]
[PlyCount "87"]
[EventDate "2024.04.11"]
[EventType "swiss"]
[EventRounds "7"]
[EventCountry "COL"]
[SourceTitle "CB18_2024"]
[SourceDate "2024.05.01"]
[SourceVersion "1"]
[SourceVersionDate "2024.05.01"]
[SourceQuality "2"]

1. e4 e5 2. Nf3 Nc6 3. Bc4 Bc5 4. d4 exd4 5. Ng5 Ne5 6. Nxf7 Nxf7 7. Bxf7+ Kxf7 8. Qh5+ g6 9. Qxc5 Nf6 10. 0-0 Qe7 11. Qxe7+ Kxe7 12. Bf4 d6 13. e5 dxe5 14. Bxe5 c5 15. Na3 Be6 16. Rfe1 a6 17. Nb1 Kf7 18. Nd2 Rhc8 19. Bxf6 Kxf6 20. Ne4+ Ke7 21. Ng5 Rc6 22. Nxh7 Kd7 23. Nf6+ Kc7 24. Ne4 Rd8 25. b3 b5 26. Nxc5 Rxc5 27. Rxe6 Rxc2 28. Ree1 d3 29. Kf1 d2 30. Red1 Kb6 31. Ke2 Kc5 32. a4 b4 33. g4 Rb2 34. Rab1 Rc2 35. h4 Rd4 36. h5 Rxg4 37. hxg6 Rxg6 38. Rxd2 Re6+ 39. Kd1 Rc3 40. Rd8 Rf6 41. Rd2 Rff3 42. Rdb2 Kd4 43. Ke2 Ke4 44. Ke1 1/2-1/2

[Event "COL-ch U14 Girls"]
[Site "Barranquilla"]
[Date "2024.04.13"]
[Round "5"]
[White "Morales Perez, Ghisell Gabriela"]
[Black "Pardo Useche, Laura Valentina"]
[Result "1/2-1/2"]
[WhiteElo "1841"]
[BlackElo "1667"]
[PlyCount "88"]
[EventDate "2024.04.11"]
[EventType "swiss"]
[EventRounds "7"]
[EventCountry "COL"]
[SourceTitle "CB18_2024"]
[SourceDate "2024.05.01"]
[SourceVersion "1"]
[SourceVersionDate "2024.05.01"]
[SourceQuality "2"]

1. e4 c5 2. Nf3 d6 3. Bc4 e6 4. d4 cxd4 5. Qxd4 a6 6. Nc3 Nc6 7. Qd3 b5 8. Bb3 Nf6 9. Bf4 Nh5 10. g3 Bb7 11. 0-0-0 Nxf4 12. gxf4 Qc7 13. f5 Na5 14. fxe6 Nxb3+ 15. axb3 fxe6 16. Nd4 Qf7 17. Rhf1 g6 18. Kb1 Bg7 19. f4 Bxd4 20. Qxd4 0-0-0 21. Ne2 Kb8 22. Qb4 Qc7 23. Qd4 e5 24. fxe5 dxe5 25. Qb4 Rxd1+ 26. Rxd1 Rd8 27. Rxd8+ Qxd8 28. Qc5 Qd1+ 29. Nc1 Qd4 30. Qxd4 exd4 31. Ne2 Bxe4 32. Nxd4 g5 33. Kc1 g4 34. Kd2 Kc7 35. Ke3 Bg6 36. Kf4 Kd6 37. Kxg4 Kc5 38. Nf5 a5 39. Kf4 Bh5 40. Ke5 a4 41. bxa4 bxa4 42. Ne3 Bg6 43. Nf5 Bh5 44. Ne3 Bg6 1/2-1/2

[Event "COL-ch U14 Girls"]
[Site "Barranquilla"]
[Date "2024.04.12"]
[Round "3"]
[White "Polania Naranjo, Laura Camila"]
[Black "Pardo Useche, Laura Valentina"]
[Result "0-1"]
[WhiteElo "1597"]
[BlackElo "1667"]
[PlyCount "90"]
[EventDate "2024.04.11"]
[EventType "swiss"]
[EventRounds "7"]
[EventCountry "COL"]
[SourceTitle "CB18_2024"]
[SourceDate "2024.05.01"]
[SourceVersion "1"]
[SourceVersionDate "2024.05.01"]
[SourceQuality "2"]

1. e4 c5 2. d4 cxd4 3. c3 dxc3 4. Nxc3 Nc6 5. Nf3 d6 6. Bc4 e6 7. 0-0 Be7 8. Qe2 a6 9. Rd1 Qc7 10. Bf4 Nf6 11. e5 Nh5 12. Bg5 dxe5 13. Bxe7 Kxe7 14. Ng5 Nf6 15. f4 b5 16. Bb3 Bb7 17. f5 b4 18. Na4 h6 19. Qc4 hxg5 20. fxe6 fxe6 21. Qxe6+ Kf8 22. Nc5 Nd8 23. Nd7+ Qxd7 24. Rxd7 Nxe6 25. Rxb7 Nc5 26. Rxb4 Nxb3 27. Rxb3 Kf7 28. Rc1 Rac8 29. Rcc3 Rxc3 30. Rxc3 Rb8 31. b3 Rb6 32. Kf1 e4 33. Ke2 Ke6 34. Rc7 g6 35. Rc5 Nd5 36. g3 e3 37. Rc4 Kf5 38. h3 Re6 39. Kd3 e2 40. g4+ Kf6 41. Rc6 e1Q 42. Rc2 Qd1+ 43. Rd2 Re3+ 44. Kc4 Qxd2 45. a4 Rc3# 0-1

[Event "ARG-ch U18 Girls"]
[Site "Ibague"]
[Date "2024.03.16"]
[Round "4"]
[White "Pardo Useche, Laura Valentina"]
[Black "Cardona, Marisol"]
[Result "0-1"]
[WhiteElo "1688"]
[BlackElo "1542"]
[PlyCount "52"]
[EventDate "2024.03.14"]
[EventType "swiss"]
[EventRounds "7"]
[EventCountry "COL"]
[SourceTitle "CB12_2024"]
[SourceDate "2023.10.01"]
[SourceVersion "1"]
[SourceVersionDate "2023.10.01"]
[SourceQuality "1"]

1. e4 c5 2. Nf3 e6 3. d4 cxd4 4. Nxd4 Nf6 5. Nc3 Nc6 6. Ndb5 Bc5 7. Bf4 e5 8. Bg3 0-0 9. Qd3 Re8 10. 0-0-0 a6 11. Nd6 Re6 12. Nf5 g6 13. Ne3 Rd6 14. Ned5 Nxd5 15. Nxd5 b5 16. f4 exf4 17. Bxf4 Re6 18. Nc7 Nb4 19. Qf3 Rc6 20. Nxa8 Qf6 21. Bd3 Bd4 22. e5 Qe6 23. a3 Bxb2+ 24. Kxb2 Qa2+ 25. Kc1 Rxc2+ 26. Bxc2 Qxc2# 0-1

[Event "COL-ch U12 Girls"]
[Site "Choconta"]
[Date "2023.03.19"]
[Round "5"]
[White "Pardo Useche, Laura Valentina"]
[Black "Araujo Agreda, Hallye Valentina"]
[Result "1-0"]
[WhiteElo "1347"]
[BlackElo "1377"]
[PlyCount "103"]
[EventDate "2023.03.17"]
[EventType "swiss"]
[EventRounds "7"]
[EventCountry "COL"]
[SourceTitle "CBM 213 Extra"]
[Source "ChessBase"]
[SourceDate "2023.05.31"]
[SourceVersion "1"]
[SourceVersionDate "2023.05.31"]
[SourceQuality "1"]

1. e4 e5 2. Nf3 Nf6 3. Nxe5 Nxe4 4. d3 Nf6 5. Be2 d6 6. Nf3 d5 7. Bg5 Bd6 8. Nc3 Be6 9. 0-0 0-0 10. Qd2 Nc6 11. d4 Be7 12. Bf4 Ne4 13. Qe3 Nxc3 14. bxc3 Bd6 15. Bg3 Qd7 16. Rfd1 Rfe8 17. Qd2 Qe7 18. Bb5 Rab8 19. c4 a6 20. Bxc6 bxc6 21. c5 Bxg3 22. hxg3 f6 23. Qa5 Ra8 24. Rab1 Bf5 25. Re1 Qd7 26. Rxe8+ Rxe8 27. Qxa6 Bxc2 28. Rb7 Bd1 29. Qa7 Re7 30. a4 Bxf3 31. gxf3 Qh3 32. Qb8+ Kf7 33. Rxc7 Qe6 34. Rxe7+ Qxe7 35. Qb4 Qe2 36. Kg2 Qc4 37. Qxc4 dxc4 38. Kf1 Ke7 39. Ke2 Kd7 40. Kd2 Kc7 41. Kc3 Kb7 42. Kxc4 h5 43. d5 cxd5+ 44. Kxd5 g5 45. c6+ Kc7 46. a5 h4 47. gxh4 gxh4 48. a6 h3 49. a7 h2 50. a8Q h1Q 51. Qb7+ Kd8 52. Qd7# 1-0

[Event "COL-ch U12 Girls"]
[Site "Choconta"]
[Date "2023.03.18"]
[Round "2"]
[White "Pardo Useche, Laura Valentina"]
[Black "Montiel Montes, Juliana"]
[Result "1-0"]
[WhiteElo "1347"]
[BlackElo "1263"]
[PlyCount "95"]
[EventDate "2023.03.17"]
[EventType "swiss"]
[EventRounds "7"]
[EventCountry "COL"]
[SourceTitle "CBM 213 Extra"]
[Source "ChessBase"]
[SourceDate "2023.05.31"]
[SourceVersion "1"]
[SourceVersionDate "2023.05.31"]
[SourceQuality "1"]

1. e4 e5 2. Nf3 Nc6 3. d4 exd4 4. Nxd4 Nxd4 5. Qxd4 Ne7 6. Bg5 Nc6 7. Qd2 Bb4 8. c3 Be7 9. Bf4 0-0 10. Bd3 Bc5 11. 0-0 d6 12. b4 Bb6 13. Na3 Be6 14. Nc2 Ne5 15. Nd4 Bc4 16. Bxc4 Nxc4 17. Qe2 d5 18. Nf5 Re8 19. Qg4 Qf6 20. Bg5 Qg6 21. h4 Rxe4 22. Ne7+ Rxe7 23. Bxe7 Qh6 24. Qg5 Qc6 25. Rad1 h6 26. Qxd5 Qxd5 27. Rxd5 c6 28. Rd7 Rb8 29. Re1 a5 30. Re4 Na3 31. bxa5 f5 32. Re2 Re8 33. axb6 Nc4 34. Rd8 Kf7 35. Rxe8 Kxe8 36. Bc5+ Kd8 37. Re7 Kc8 38. Rxg7 Ne5 39. a4 Nd7 40. Rg8+ Nf8 41. Rxf8+ Kd7 42. Rb8 f4 43. Rxb7+ Kc8 44. Re7 Kb8 45. b7 h5 46. Bd6+ Ka7 47. b8Q+ Ka6 48. Qa7# 1-0

[Event "COL-ch U12 Girls"]
[Site "Choconta"]
[Date "2023.03.17"]
[Round "1"]
[White "Lizarazo Camelo, Sara Alejandra"]
[Black "Pardo Useche, Laura Valentina"]
[Result "0-1"]
[WhiteElo "1224"]
[BlackElo "1347"]
[PlyCount "78"]
[EventDate "2023.03.17"]
[EventType "swiss"]
[EventRounds "7"]
[EventCountry "COL"]
[SourceTitle "CBM 213 Extra"]
[Source "ChessBase"]
[SourceDate "2023.05.31"]
[SourceVersion "1"]
[SourceVersionDate "2023.05.31"]
[SourceQuality "1"]

1. e4 c5 2. Nc3 d6 3. Bc4 e6 4. Nf3 Nf6 5. 0-0 Be7 6. d3 a6 7. e5 dxe5 8. Nxe5 b5 9. Nxb5 axb5 10. Bxb5+ Bd7 11. Nxd7 Nbxd7 12. Bc6 Rc8 13. Bg5 Rxc6 14. Qf3 Ne5 15. Qg3 Ng6 16. Qf3 Qc7 17. Rac1 Nd5 18. Bxe7 Ndxe7 19. c3 0-0 20. b4 cxb4 21. cxb4 Rxc1 22. Qe2 Rxf1+ 23. Qxf1 Qc2 24. b5 Rc8 25. h3 Qc1 26. Qxc1 Rxc1+ 27. Kh2 Nd5 28. a4 Ra1 29. b6 Nxb6 30. d4 Nxa4 31. f4 Nxf4 32. h4 g5 33. Kg3 Ra3+ 34. Kg4 f5+ 35. Kxg5 Nd5 36. h5 Rg3+ 37. Kh6 Nf6 38. d5 Rg7 39. g4 Nxg4# 0-1

[Event "COL-ch U1700"]
[Site "Pereira"]
[Date "2022.02.20"]
[Round "9"]
[White "Zambrano Vargas, Jesus Andres"]
[Black "Pardo Useche, Laura Valentina"]
[Result "1-0"]
[WhiteElo "1643"]
[BlackElo "1370"]
[PlyCount "69"]
[EventDate "2022.02.16"]
[EventType "swiss"]
[EventRounds "9"]
[EventCountry "COL"]
[SourceTitle "CBM 207 Extra"]
[Source "ChessBase"]
[SourceDate "2022.05.31"]
[SourceVersion "1"]
[SourceVersionDate "2022.05.31"]
[SourceQuality "1"]

1. e4 c5 2. Nf3 d6 3. d4 cxd4 4. Nxd4 Nf6 5. Nc3 a6 6. Bg5 e6 7. f4 Be7 8. Qf3 Nc6 9. Nb3 Qc7 10. 0-0-0 Rb8 11. Bd3 b5 12. g4 h6 13. Bh4 Bd7 14. Rhe1 Nxe4 15. Nxe4 Bxh4 16. Ng3 Rc8 17. a3 Ne7 18. Kb1 Bc6 19. Qf1 Qb6 20. Ne4 Bd5 21. Re2 Bxb3 22. Nxd6+ Kf8 23. Nxc8 Nxc8 24. cxb3 g6 25. f5 Kg7 26. fxe6 fxe6 27. Bc2 Bf6 28. Rd7+ Ne7 29. Rf2 Rf8 30. Rxf6 Qb8 31. Rxe7+ Kg8 32. Rxg6+ Kh8 33. Rxh6+ Kg8 34. Rg6+ Kh8 35. Qh3# 1-0

[Event "COL-ch U1700"]
[Site "Pereira"]
[Date "2022.02.16"]
[Round "1"]
[White "Pardo Useche, Laura Valentina"]
[Black "Paez, Adolfo"]
[Result "0-1"]
[WhiteElo "1370"]
[BlackElo "1687"]
[PlyCount "43"]
[EventDate "2022.02.16"]
[EventType "swiss"]
[EventRounds "9"]
[EventCountry "COL"]
[SourceTitle "CBM 207 Extra"]
[Source "ChessBase"]
[SourceDate "2022.05.31"]
[SourceVersion "1"]
[SourceVersionDate "2022.05.31"]
[SourceQuality "1"]

1. e4 c5 2. Nf3 d6 3. d4 cxd4 4. Nxd4 Nf6 5. Nc3 a6 6. Bg5 e6 7. Be2 Be7 8. Be3 Nc6 9. 0-0 Qc7 10. Qd2 b5 11. a3 Bb7 12. f4 0-0 13. Bf3 Rac8 14. Nxc6 Bxc6 15. Rfe1 d5 16. exd5 exd5 17. Bd4 Rfd8 18. Re2 Bb7 19. Rae1 Bc5 20. Re5 Bxd4+ 21. Qxd4 Qc5 22. Rd1 0-1

[Event "COL Subzt 2.3.4 (Women)"]
[Site "Risarald"]
[Date "2021.11.24"]
[Round "2"]
[White "Ramos Rocha, Natalia"]
[Black "Pardo Useche, Laura Valentina"]
[Result "0-1"]
[WhiteElo "1173"]
[BlackElo "1165"]
[PlyCount "132"]
[EventDate "2021.11.23"]
[EventType "swiss"]
[EventRounds "9"]
[EventCountry "COL"]
[SourceTitle "CBM 205 Extra"]
[Source "ChessBase"]
[SourceDate "2022.01.31"]
[SourceVersion "1"]
[SourceVersionDate "2022.01.31"]
[SourceQuality "1"]

1. e4 c5 2. Nf3 d6 3. d4 cxd4 4. Nxd4 Nf6 5. Nc3 a6 6. f3 e6 7. a3 b5 8. Be3 Bb7 9. Qd2 Nbd7 10. Be2 d5 11. exd5 Nxd5 12. Nxd5 Bxd5 13. 0-0 Bc5 14. Rac1 Rc8 15. c4 bxc4 16. Bxc4 Bxc4 17. Rxc4 Nb6 18. Rcc1 Nd5 19. Bf2 Ne7 20. Nb3 Qxd2 21. Nxd2 Bxf2+ 22. Kxf2 0-0 23. Ne4 Rfd8 24. b4 Nd5 25. Nc5 Rc6 26. Nb7 Rdc8 27. Rxc6 Rxc6 28. Nc5 a5 29. Nd3 axb4 30. axb4 Rc2+ 31. Kg3 Rd2 32. Ra1 g6 33. Ra3 Ne3 34. Nf4 Nf5+ 35. Kh3 Rd4 36. g4 Rxf4 37. gxf5 Rxf5 38. Rb3 Rb5 39. Kg3 f5 40. Kf4 Kf7 41. Kg5 e5 42. Re3 Kg7 43. Rb3 h6+ 44. Kh4 Kf6 45. Kg3 g5 46. h3 h5 47. Kg2 f4 48. Kf2 Ke6 49. Rb1 Kd5 50. Rd1+ Kc4 51. Rg1 e4 52. fxe4 Kxb4 53. Rb1+ Kc4 54. Rxb5 Kxb5 55. Kf3 Kc5 56. h4 g4+ 57. Kxf4 Kd6 58. Kg3 Ke5 59. Kg2 Kxe4 60. Kg3 Ke3 61. Kg2 Kf4 62. Kh2 Kf3 63. Kg1 g3 64. Kf1 Kg4 65. Kg2 Kxh4 66. Kh1 Kh3 0-1

[Event "Central America Carribean-ch U20 Girls"]
[Site "Pereira"]
[Date "2021.09.24"]
[Round "6"]
[White "Olier Robayo, Mishelle Dayana"]
[Black "Pardo Useche, Laura Valentina"]
[Result "1-0"]
[WhiteElo "1397"]
[BlackElo "1089"]
[PlyCount "153"]
[EventDate "2021.09.21"]
[EventType "swiss"]
[EventRounds "9"]
[EventCountry "COL"]
[SourceTitle "EXT 2023"]
[Source "ChessBase"]
[SourceDate "2022.10.05"]
[SourceVersion "1"]
[SourceVersionDate "2022.10.05"]
[SourceQuality "1"]

1. e4 c5 2. d3 d6 3. f4 Nc6 4. Nf3 Nf6 5. h3 h5 6. g3 b6 7. Nc3 Bb7 8. Bg2 e6 9. 0-0 Be7 10. Qe1 e5 11. f5 Nd4 12. Qf2 Nxf3+ 13. Bxf3 Nd7 14. Nd1 h4 15. g4 Bg5 16. Ne3 b5 17. a4 a6 18. b3 Bf4 19. Bb2 Bc6 20. a5 Qf6 21. c3 Rc8 22. Rfd1 0-0 23. Ng2 Bg3 24. Qd2 Rfd8 25. g5 Qe7 26. Rf1 g6 27. Bg4 Bf4 28. Rxf4 exf4 29. Qxf4 Qe5 30. fxg6 fxg6 31. Qxe5 dxe5 32. Nxh4 Kg7 33. c4 bxc4 34. bxc4 Re8 35. Nf3 Rcd8 36. Bxd7 Bxd7 37. Nxe5 Kh7 38. Rf1 Bxh3 39. Rf4 Bc8 40. Rh4+ Kg8 41. Nxg6 Kf7 42. Ne5+ Kf8 43. Rh8+ Ke7 44. Nc6+ Kd7 45. Nxd8 Rxh8 46. Bxh8 Kxd8 47. Bb2 Kc7 48. Kf2 Kd6 49. Ke3 Be6 50. Bg7 Bf7 51. Bf8+ Kc6 52. Kf4 Bg6 53. Ke5 Bh5 54. d4 cxd4 55. Kxd4 Kd7 56. Ke5 Kc6 57. Be7 Bf7 58. Kd4 Kd7 59. Bb4 Kc6 60. e5 Kd7 61. Kc5 Kc7 62. Bd2 Bg8 63. g6 Be6 64. Bg5 Bg8 65. g7 Bf7 66. Bf4 Be6 67. g8Q Bxg8 68. e6+ Kc8 69. Kd6 Kb7 70. c5 Bxe6 71. c6+ Ka8 72. Kxe6 Ka7 73. Kd7 Ka8 74. c7 Ka7 75. Kd8 Kb7 76. c8Q+ Ka7 77. Qb8# 1-0

[Event "Central America Carribean-ch U20 Girls"]
[Site "Pereira"]
[Date "2021.09.23"]
[Round "4"]
[White "Valencia Lopez, Daily Vanessa"]
[Black "Pardo Useche, Laura Valentina"]
[Result "1-0"]
[WhiteElo "1670"]
[BlackElo "1089"]
[PlyCount "97"]
[EventDate "2021.09.21"]
[EventType "swiss"]
[EventRounds "9"]
[EventCountry "COL"]
[SourceTitle "EXT 2023"]
[Source "ChessBase"]
[SourceDate "2022.10.05"]
[SourceVersion "1"]
[SourceVersionDate "2022.10.05"]
[SourceQuality "1"]

1. e4 c5 2. Nf3 d6 3. d4 cxd4 4. Nxd4 Nf6 5. Nc3 a6 6. Bg5 e6 7. f4 Be7 8. Qf3 Nc6 9. 0-0-0 Nxd4 10. Rxd4 Qb6 11. Rd1 h6 12. Bh4 Qc7 13. g4 b5 14. a3 Bb7 15. Bg2 Rc8 16. Qe2 Nxe4 17. Bxe4 Bxh4 18. f5 e5 19. Rhf1 Be7 20. Qd3 f6 21. Nd5 Qc4 22. Nxe7 Bxe4 23. Nxc8 Bxd3 24. Nxd6+ Ke7 25. Nxc4 Bxf1 26. Nxe5 fxe5 27. Rxf1 Rd8 28. Rd1 Rxd1+ 29. Kxd1 Kf6 30. b3 e4 31. Ke2 Ke5 32. Ke3 a5 33. c4 bxc4 34. bxc4 a4 35. c5 Kd5 36. h4 Kxc5 37. Kxe4 Kd6 38. g5 h5 39. Kd4 Kc6 40. Ke5 Kd7 41. f6 gxf6+ 42. gxf6 Kc6 43. f7 Kc5 44. f8Q+ Kc4 45. Qb4+ Kd3 46. Kf4 Kc2 47. Ke3 Kc1 48. Kd3 Kd1 49. Qb1# 1-0

[Event "Central America Carribean-ch U20 Girls"]
[Site "Pereira"]
[Date "2021.09.21"]
[Round "1"]
[White "Suarez Ardila, Luisa Maria"]
[Black "Pardo Useche, Laura Valentina"]
[Result "1-0"]
[WhiteElo "1737"]
[BlackElo "1089"]
[PlyCount "87"]
[EventDate "2021.09.21"]
[EventType "swiss"]
[EventRounds "9"]
[EventCountry "COL"]
[SourceTitle "EXT 2023"]
[Source "ChessBase"]
[SourceDate "2022.10.05"]
[SourceVersion "1"]
[SourceVersionDate "2022.10.05"]
[SourceQuality "1"]

1. e4 c5 2. Nf3 d6 3. d4 cxd4 4. Nxd4 Nf6 5. Nc3 a6 6. Be3 e6 7. f3 b5 8. Nb3 Bb7 9. g4 Nbd7 10. Be2 Nc5 11. Qd2 Rc8 12. 0-0-0 Nxb3+ 13. axb3 b4 14. Na4 Nxg4 15. Bb6 Qf6 16. Qxb4 Qf4+ 17. Kb1 d5 18. Qe1 Nf6 19. exd5 Nxd5 20. Bxa6 Bxa6 21. Rxd5 Qxf3 22. Re5 Qc6 23. Bc5 Bxc5 24. Rxc5 Qb7 25. Rg1 0-0 26. h4 Rxc5 27. Nxc5 Qc6 28. Qe5 g6 29. Ne4 Rc8 30. Nf6+ Kg7 31. Nd5+ Kh6 32. Ne3 Be2 33. h5 Bxh5 34. Qg5+ Kg7 35. Qxh5 Qe4 36. Qh3 f5 37. Nc4 Rd8 38. Qc3+ Kg8 39. Qb4 Qd4 40. Re1 Rd5 41. Qe7 e5 42. Nxe5 Qd2 43. Qf7+ Kh8 44. Qf8# 1-0

[Event "COL-ch U10"]
[Site "Bogota"]
[Date "2021.03.28"]
[Round "7"]
[White "Pardo Useche, Laura Valentina"]
[Black "Ayala Delgado, Sergio Alejandro"]
[Result "0-1"]
[WhiteElo "1458"]
[BlackElo "1368"]
[PlyCount "72"]
[EventDate "2021.03.24"]
[EventType "swiss"]
[EventRounds "7"]
[EventCountry "COL"]
[SourceTitle "EXT 2022"]
[Source "ChessBase"]
[SourceDate "2021.10.06"]
[SourceVersion "1"]
[SourceVersionDate "2021.10.06"]
[SourceQuality "1"]

1. e4 e5 2. Nf3 Nc6 3. d4 exd4 4. Nxd4 Nf6 5. Nxc6 bxc6 6. Bd3 Bc5 7. 0-0 0-0 8. Bg5 d6 9. c4 Rb8 10. Qc2 Bd4 11. Nc3 h6 12. Bh4 Be6 13. Rfd1 c5 14. Kh1 Be5 15. Qd2 Nxe4 16. Nxe4 Qxh4 17. g3 Qe7 18. Rab1 f5 19. Nc3 f4 20. Kg2 f3+ 21. Kg1 Qf7 22. b3 Bf5 23. Ne4 Qh5 24. Qe1 Rbe8 25. Qf1 Kh8 26. a4 Bxe4 27. Bxe4 Bxg3 28. hxg3 Rxe4 29. Rb2 Rf5 30. Re1 Rh4 31. gxh4 Qg4+ 32. Kh2 Rh5 33. Re8+ Kh7 34. Qd3+ Rf5 35. Qxf5+ Qxf5 36. Re1 Qg4 0-1